000 00700nam a2200289 a 4500
003 AR-BaBNM
005 20251128210558.0
008 082120s2002 ||||||||||||||000 | spa||
040 _cAR-BaBNM
100 1 _aSantos, Theotonio dos
245 0 0 _aConcepto de clases sociales
250 _a2ยช ed.
260 _aBuenos Aires
_bGalerna
_c1974
300 _a109 p.
600 1 4 _aMarx, Karl
600 1 4 _aEngels, Friedrich
650 4 _aMARXISMO
650 4 _aCLASES SOCIALES
650 4 _aSIGLO VEINTE
650 4 _aHISTORIA SOCIAL
650 4 _aSIGLO DIECINUEVE
650 4 _aSOCIEDAD
650 4 _aSISTEMAS SOCIALES
650 4 _aCAMBIO SOCIAL
942 _cBK
998 _cMariana
999 _c16025
_d16025